000 00307nam a22001337a 4500
008 170717b xxu||||| |||| 00| 0 eng d
020 _a9781570753961
041 _aeng
080 _a2
100 _a24
101 _aTEO
245 _aHISTORY OF THE WORLD CHRISTIAN MOVEMENT
_cIRVIN, D.T
942 _2udc
_cBK
999 _c21302
_d21302